00635 2200229 4500001002100000005001700021008004100038035002400079040001200103082000800115090001500123100002200138245008800160250001000248260003000258300002200288504002600310650002400336850001200360990001800372990001500390YOGYA-0209000006850420090227092051.0 ind  0010-020900000068504 aYOPDYOG a346 a346bHam H aHAMID, Andi Tahir aHukum acara perdata serta susunan dan kekuasaan pengadilancOleh : Andi Tahir Hamid aCet.1 aSurabayabBina Ilmuc1986 ax, 214 Hlmc21 cm aBibliografi : hlm.214 aHukum acara perdata aYOPDYOG a86879-P/96b1 a41723-P/93